| 000 | 00926cam a2200289 4500 | ||
|---|---|---|---|
| 001 | M1478 | ||
| 008 | 090401t1994 xxu||||| |||| 00| 0 eng d | ||
| 035 | _a(Sirsi) u32286 | ||
| 041 | _aeng | ||
| 050 | _a333.0062 | ||
| 090 | _aRICS 1994/13ABCD | ||
| 110 |
_aRoyal Institution of Chartered Surveyors _94900 |
||
| 245 | _aReview of the constitution: white paper, April 1994. | ||
| 260 |
_aLondon _bRICS _c1994 |
||
| 300 | _a61p. ; 30cm. | ||
| 350 | _a0 | ||
| 520 | _aClark Committee set up to review proposals for constitutional change after the General Council debate on the Cubbon Report in November 1993. | ||
| 650 | _aABOUT RICS-RICS MEMBERS | ||
| 650 | _aCLARK COMMITTEE | ||
| 650 | _aCONSTITUTIONAL REVIEW | ||
| 650 | _aCUBBON REPORT | ||
| 650 | _aWHITE PAPER | ||
| 690 | _aMANAGEMENT-BUSINESS MANAGEMENT-PROFESSIONAL PRACTICE | ||
| 700 |
_aClark, M.G. _xChairman |
||
| 942 | _n0 | ||
| 948 | _c04/03/1997 | ||
| 999 |
_c89709 _d89709 |
||